Obálka Náhled e-knihy:
PDF Epub
Pro půjčování e-knih musíte být přihlášeni.
Jak si půjčit online?

Kořist /

Šestnáctiletá Wilma se těší na roční výměnný pobyt na Floridě. Konečně vymění zapadlé dánské městečko za sluncem zalité pobřeží a užije si bezstarostný středoškolský život.V to alespoň doufá. Její šestý smysl jí však brzy napoví, že ve zdánlivě idylickém prostředí hostitelské rodiny, školy i malebné...

Celý popis

Uloženo v:
Hlavní autor: Villadsenová, Lise (Autor)
Médium: E-kniha
Jazyk:Czech
Vydáno: Praha : DOBROVSKÝ s.r.o., 2025
Tagy:
Žádné tagy
LEADER 01774nam a22002297i 4500
001 312891
007 ta
008 260601s2025 xr ||||| |||| 00| 0 cze d
020 |a 9990004244207 
044 |a xr 
100 1 |a  Villadsenová, Lise  |4 aut 
245 1 0 |a Kořist /  |c  Villadsenová, Lise 
264 1 |a Praha :  |b DOBROVSKÝ s.r.o.,  |c 2025 
300 |a 1 online zdroj (216 stran) 
336 |a text  |b txt  |2 rdacontent 
337 |a bez média  |b n  |2 rdamedia 
338 |a online zdroj  |b cr  |2 rdacarrier 
520 2 |a Šestnáctiletá Wilma se těší na roční výměnný pobyt na Floridě. Konečně vymění zapadlé dánské městečko za sluncem zalité pobřeží a užije si bezstarostný středoškolský život.V to alespoň doufá. Její šestý smysl jí však brzy napoví, že ve zdánlivě idylickém prostředí hostitelské rodiny, školy i malebného okolí něco nehraje. Navíc se v té lokalitě pohřešuje hned několik dívek Wilmina věku. Ani do rodiny Wilma navzdory snahám hostitelů nezapadne. Na jednu stranu se necítí na stejné vlně jako stejně stará Rebecca, na druhou ale navazuje problematický vztah s jejím starším bratrem.Když se ztratí i Wilmina jediná kamarádka, Wilma cítí, že nebezpečí je někde blízko a možná hrozí i jí. Odváží se věřit svému šestému smyslu? 
910 |a RBIT002 
998 |d 424420  |a https://core.palmknihy.cz/api/books/424420/cover?t7gv3s  |b https://core.palmknihy.cz/api/books/424420/cover/400?t7gv3s  |c https://core.palmknihy.cz/api/books/424420/cover/50?t7gv3s  |e 2029-02-07  |g 216  |i 9990004244207  |j https://core.palmknihy.cz/api/books/424420/preview.epub  |k https://core.palmknihy.cz/api/books/424420/preview.pdf  |l   |q 49  |r 1  |s https://www.palmknihy.cz/kniha/424420  |t ebook  |y 2025  |z 1 
999 |d 312889